| 000 | 00437nab a22001217u 4500 | ||
|---|---|---|---|
| 008 | 130520b2012 xxu||||| |||| 00| 0 ita d | ||
| 041 | _aita | ||
| 100 | 1 |
_aTurcotte, Paul-André _910638 |
|
| 245 | 0 | 0 |
_aDas Mönchstum und der religiö se Orden nach Max Weber und Ernst Troeltsch _cPaul-André Turcotte, Arthur Lambert |
| 700 | 1 |
_aLambert, Arthur _958064 |
|
| 773 | 0 |
_tClaretianum _gV.52, nº3,2012,págs.428 _x9943-2331 _wRev124 |
|
| 942 | _cAR | ||
| 999 |
_c348203 _d348203 |
||